按照辖区最西端从西至东依次写出全国地州市 - Statistics

General Stats
  • This quiz has been taken 23 times
  • The average score is 245 of 372
Answers on the Map
Answers color-coded by a green-red scale on the quiz's map according to % correct below.
 
Answer Stats
地州市 最西端经度 首次出现 % Correct
克孜勒苏 73.499E 新疆
100%
喀什 74.461E
100%
和田 77.400E
100%
阿克苏 78.025E
100%
阿里 78.393E 西藏
100%
博尔塔拉 79.885E
100%
伊犁 80.160E
100%
可克达拉 80.438E
100%
阿拉尔 80.590E
100%
日喀则 82.141E
100%
塔城 82.264E
100%
巴音郭楞 82.468E
100%
克拉玛依 84.577E
100%
那曲 85.049E
100%
阿勒泰 85.532E
100%
昌吉 85.577E
100%
乌鲁木齐 86.795E
100%
吐鲁番 87.260E
100%
玉树 89.401E 青海
100%
海西 89.633E
100%
拉萨 89.751E
100%
山南 90.066E
100%
哈密 91.152E
100%
林芝 92.162E
100%
酒泉 92.338E 甘肃
100%
昌都 93.593E
100%
果洛 96.935E
100%
阿拉善 97.172E 内蒙古
100%
甘孜 97.357E 四川
100%
张掖 97.393E
100%
德宏 97.529E 云南
100%
嘉峪关 97.855E
100%
保山 98.087E
100%
海北 98.093E
100%
怒江 98.132E
100%
迪庆 98.593E
100%
临沧 98.669E
100%
大理 98.864E
100%
海南 98.921E
100%
普洱 99.156E
100%
丽江 99.381E
100%
西双版纳 99.945E
100%
凉山 100.064E
100%
阿坝 100.525E
100%
黄南 100.692E
100%
楚雄 100.720E
100%
甘南 100.766E
100%
西宁 100.871E
100%
攀枝花 101.140E
100%
昆玉 78.328E
93%
铁门关 84.094E
93%
北屯 87.496E
93%
玉溪 101.274E
93%
金昌 101.332E
93%
海东 101.664E
93%
红河 101.799E
93%
武威 101.829E
93%
雅安 101.936E
93%
昆明 102.168E
93%
兰州 102.595E
93%
临夏 102.683E
93%
眉山 102.847E
93%
昭通 102.867E
93%
图木舒克 75.858E
87%
双河 81.939E
87%
胡杨河 84.624E
87%
石河子 85.902E
87%
新星 93.504E
87%
乐山 102.907E
87%
成都 102.992E
87%
曲靖 103.057E
87%
定西 103.466E
87%
白银 103.545E
87%
文山 103.573E
87%
毕节 103.600E 贵州
87%
宜宾 103.611E
87%
绵阳 103.746E
87%
德阳 103.794E
87%
陇南 104.023E
87%
自贡 104.050E
87%
内江 104.267E
87%
中卫 104.284E 宁夏
87%
六盘水 104.309E
87%
资阳 104.433E
87%
百色 104.447E 广西
87%
黔西南 104.528E
87%
天水 104.574E
87%
广元 104.612E
87%
遂宁 105.058E
87%
泸州 105.143E
87%
白杨 82.787E
80%
巴彦淖尔 105.198E
80%
安顺 105.250E
80%
重庆 105.287E
80%
固原 105.322E
80%
平凉 105.344E
80%
南充 105.436E
80%
汉中 105.489E 陕西
80%
吴忠 105.568E
80%
遵义 105.617E
80%
银川 105.822E
80%
广安 105.944E
80%
石嘴山 105.965E
80%
贵阳 106.119E
80%
黔南 106.208E
80%
宝鸡 106.309E
80%
巴中 106.358E
80%
崇左 106.559E
80%
达州 106.664E
80%
恩施 108.370E 湖北
80%
东方 108.615E 海南
80%
怀化 108.783E 湖南
80%
湛江 109.665E 广东
80%
运城 110.230E 山西
80%
三门峡 110.354E 河南
80%
五家渠 87.368E
73%
庆阳 106.353E
73%
鄂尔多斯 106.478E
73%
河池 106.568E
73%
乌海 106.606E
73%
榆林 107.250E
73%
黔东南 107.294E
73%
南宁 107.325E
73%
防城港 107.480E
73%
延安 107.6491E
73%
咸阳 107.6492E
73%
西安 107.658E
73%
铜仁 107.749E
73%
安康 108.016E
73%
钦州 108.179E
73%
来宾 108.413E
73%
商洛 108.571E
73%
铜川 108.579E
73%
柳州 108.593E
73%
昌江 108.664E
73%
乐东 108.674E
73%
北海 108.851E
73%
儋州 108.936E
73%
渭南 108.962E
73%
三亚 108.974E
73%
湘西 109.180E
73%
贵港 109.203E
73%
包头 109.254E
73%
五指山 109.319E
73%
三沙 109.371E
73%
保亭 109.400E
73%
十堰 109.434E
73%
临高 109.516E
73%
琼中 109.519E
73%
玉林 109.540E
73%
桂林 109.613E
73%
张家界 109.693E
73%
澄迈 109.723E
73%
陵水 109.751E
73%
邵阳 109.818E
73%
神农架 109.940E
73%
万宁 110.010E
73%
琼海 110.115E
73%
海口 110.126E
73%
宜昌 110.252E
73%
梧州 110.322E
73%
茂名 110.323E
73%
乌兰察布 110.331E
73%
吕梁 110.369E
73%
临汾 110.373E
73%
文昌 110.464E
73%
常德 110.493E
73%
呼和浩特 110.512E
73%
贺州 110.567E
73%
益阳 110.719E
73%
襄阳 110.760E
73%
娄底 110.770E
73%
永州 110.9420E
73%
忻州 110.9424E
73%
南阳 110.978E
73%
白沙 109.034E
67%
屯昌 109.817E
67%
定安 110.119E
67%
云浮 111.054E
67%
洛阳 111.131E
67%
锡林郭勒 111.141E
67%
荆州 111.240E
67%
阳江 111.278E
67%
肇庆 111.355E
67%
晋中 111.402E
67%
太原 111.509E
67%
衡阳 111.538E
67%
荆门 111.856E
67%
朔州 111.8915E
67%
长沙 111.8922E
67%
清远 111.921E
67%
晋城 111.934E
67%
长治 111.976E
67%
湘潭 111.995E
67%
江门 111.999E
67%
济源 112.029E
67%
郴州 112.224E
67%
平顶山 112.244E
67%
岳阳 112.311E
67%
佛山 112.387E
67%
潜江 112.495E
67%
焦作 112.563E
67%
大同 112.573E
67%
天门 112.586E
67%
郑州 112.715E
67%
随州 112.723E
67%
韶关 112.853E
67%
阳泉 112.915E
67%
广州 112.953E
67%
许昌 113.058E
67%
邯郸 113.459E 河北
67%
萍乡 113.573E 江西
67%
仙桃 112.935E
60%
株洲 112.963E
60%
驻马店 113.090E
60%
珠海 113.103E
60%
中山 113.152E
60%
孝感 113.310E
60%
新乡 113.374E
60%
漯河 113.452E
60%
石家庄 113.519E
60%
澳门 113.533E
60%
安阳 113.631E
60%
信阳 113.707E
60%
深圳 113.757E
60%
香港 113.842E
60%
东莞 113.516E
53%
咸宁 113.545E
53%
武汉 113.698E
53%
邢台 113.752E
53%
保定 113.761E
53%
惠州 113.808E
53%
吉安 113.834E
53%
菏泽 114.804E 山东
53%
阜阳 114.875E 安徽
53%
龙岩 115.848E 福建
53%
徐州 116.354E 江苏
53%
张家口 113.816E
47%
赣州 113.912E
47%
河源 114.236E
47%
黄冈 114.397E
47%
新余 114.480E
47%
商丘 114.823E
47%
濮阳 114.867E
47%
汕尾 114.913E
47%
衡水 115.168E
47%
聊城 115.276E
47%
梅州 115.312E
47%
六安 115.364E
47%
北京 115.414E
47%
南昌 115.434E
47%
呼伦贝尔 115.524E
47%
亳州 115.542E
47%
抚州 115.587E
47%
揭阳 115.602E
47%
沧州 115.699E
47%
安庆 115.755E
47%
德州 115.760E
47%
济宁 115.865E
47%
承德 115.903E
47%
泰安 116.042E
47%
廊坊 116.111E
47%
宿州 116.154E
47%
济南 116.216E
47%
上饶 116.224E
47%
汕头 116.240E
47%
赤峰 116.350E
47%
淮南 116.353E
47%
潮州 116.364E
47%
三明 116.384E
47%
淮北 116.386E
47%
池州 116.647E
47%
合肥 116.684E
47%
鹰潭 116.685E
47%
天津 116.701E
47%
蚌埠 116.725E
47%
枣庄 116.807E
47%
漳州 116.896E
47%
铜陵 116.910E
47%
景德镇 116.954E
47%
南平 117.004E
47%
滁州 117.154E
47%
黄山 117.199E
47%
滨州 117.258E
47%
临沂 117.411E
47%
芜湖 117.475E
47%
唐山 117.504E
47%
衢州 118.028E 浙江
47%
朝阳 118.838E 辽宁
47%
大兴安岭 121.184E 黑龙江
47%
白城 121.636E 吉林
47%
开封 113.871E
40%
宜春 113.884E
40%
九江 113.940E
40%
鹤壁 113.991E
40%
周口 114.085E
40%
鄂州 114.499E
40%
黄石 114.527E
40%
淄博 117.546E
40%
泉州 117.551E
40%
厦门 117.882E
40%
马鞍山 117.896E
40%
宿迁 117.932E
40%
宣城 117.963E
40%
东营 118.106E
40%
潍坊 118.170E
40%
淮安 118.213E
40%
杭州 118.340E
40%
南京 118.359E
40%
福州 118.376E
40%
连云港 118.400E
40%
莆田 118.456E
40%
宁德 118.544E
40%
秦皇岛 118.562E
40%
日照 118.595E
40%
丽水 118.696E
40%
镇江 118.965E
40%
扬州 119.006E
40%
常州 119.136E
40%
葫芦岛 119.213E
40%
金华 119.217E
40%
湖州 119.238E
40%
通辽 119.241E
40%
台湾 119.419E
40%
盐城 119.450E
40%
兴安 119.475E
40%
青岛 119.509E
40%
无锡 119.515E
40%
烟台 119.551E
40%
温州 119.622E
40%
泰州 119.635E
40%
绍兴 119.884E
40%
苏州 119.914E
40%
南通 120.197E
40%
台州 120.286E
40%
嘉兴 120.293E
40%
锦州 120.711E
40%
上海 120.858E
40%
宁波 120.891E
40%
阜新 121.022E
40%
大连 121.086E
40%
威海 121.170E
40%
盘锦 121.558E
40%
舟山 121.836E
40%
营口 121.930E
40%
鞍山 122.189E
40%
齐齐哈尔 122.410E
40%
沈阳 122.420E
40%
辽阳 122.585E
40%
松原 123.106E
40%
四平 123.298E
40%
丹东 123.371E
40%
铁岭 123.443E
40%
本溪 123.584E
33%
抚顺 123.658E
33%
大庆 123.749E
33%
长春 124.009E
33%
黑河 124.738E
33%
辽源 124.831E
33%
绥化 124.870E
33%
通化 125.255E
33%
吉林 125.940E
33%
哈尔滨 125.679E
33%
白山 126.114E
33%
延边 127.464E
33%
伊春 127.622E
33%
牡丹江 128.225E
33%
佳木斯 129.494E
33%
鹤岗 129.665E
33%
七台河 130.099E
33%
鸡西 130.391E
33%
双鸭山 130.649E
33%
No matching quizzes found
Score Distribution
Percent of People with Each Score
Percentile by Number Answered
Your Score History
You have not taken this quiz